[Event "2.BLS 0203 SG Kirchheim - SK Krumbach"]
[Site "?"]
[Date "2002.10.20"]
[Round "1.6"]
[White "Mudelsee, Manfred Dr"]
[Black "Trassl, Franz"]
[Result "1/2-1/2"]
[WhiteElo "2291"]
[BlackElo "2260"]
[PlyCount "61"]
[EventDate "2002.??.??"]

1. e4 e5 2. Nf3 Nc6 3. Bb5 Nf6 4. Qe2 d6 5. d4 Bd7 6. O-O Nxd4 7. Nxd4 exd4 8.
e5 Bxb5 9. Qxb5+ Nd7 10. exd6 Bxd6 11. Re1+ Kf8 12. Bg5 f6 13. Bh4 Nc5 14. Nd2
Qd7 15. Qc4 b5 16. Qe2 Re8 17. Qf3 Kf7 18. b4 Ne6 19. a3 Rhf8 20. Bg3 Bxg3 21.
hxg3 Kg8 22. Nb3 Rd8 23. Rad1 Rfe8 24. Qb7 Qd5 25. Qxd5 Rxd5 26. Rxd4 Nxd4 27.
Rxe8+ Kf7 28. Rc8 Ne6 29. Ra8 Rd1+ 30. Kh2 Rd6 31. Rxa7 1/2-1/2

[Event "2.BLS 0203 SG Kirchheim - SK Krumbach"]
[Site "?"]
[Date "2002.10.20"]
[Round "1.7"]
[White "Link, Ulrich Dr"]
[Black "Rudolph, Johannes"]
[Result "1/2-1/2"]
[WhiteElo "2141"]
[BlackElo "2260"]
[PlyCount "87"]
[EventDate "2002.??.??"]

1. d4 d5 2. c4 c6 3. e3 Bf5 4. Qb3 Qc7 5. Nc3 e6 6. Bd2 Nd7 7. Rc1 Qb6 8. f3
Ngf6 9. Qxb6 axb6 10. g4 Bg6 11. g5 Nh5 12. e4 dxe4 13. fxe4 e5 14. d5 Nc5 15.
Be2 Na4 16. Nf3 Nxc3 17. Rxc3 Rxa2 18. Nxe5 Rxb2 19. Bc1 Rb1 20. O-O Bc5+ 21.
Be3 Nf4 22. Bg4 Bxe3+ 23. Rxe3 Rxf1+ 24. Kxf1 f6 25. gxf6 gxf6 26. Nd7 h5 27.
Rf3 Nxd5 28. exd5 hxg4 29. Nxf6+ Ke7 30. Nxg4 Bh5 31. Rh3 Rf8+ 32. Nf2 Rf5 33.
Rb3 b5 34. dxc6 bxc6 35. cxb5 cxb5 36. Kg2 Bf7 37. Rb4 Bd5+ 38. Kg1 Bc6 39. h4
Kd6 40. Ne4+ Kd5 41. Ng3 Rf3 42. Ne4 Ke5 43. Nc5 Rc3 44. Nb3 1/2-1/2

[Event "2.BLS 0203 SG Kirchheim - SK Krumbach"]
[Site "?"]
[Date "2002.10.20"]
[Round "1.8"]
[White "Porth, Dietmar"]
[Black "Sirch, Franz"]
[Result "1-0"]
[WhiteElo "2274"]
[BlackElo "2215"]
[PlyCount "64"]
[EventDate "2002.??.??"]

1. d4 Nf6 2. c4 c5 3. d5 b5 4. cxb5 a6 5. bxa6 Bxa6 6. Nc3 d6 7. f4 g6 8. Nf3
Bg7 9. e4 Bxf1 10. Rxf1 Qb6 11. Qe2 O-O 12. Nd2 Nbd7 13. Nc4 Qa6 14. Kf2 Rfb8
15. e5 dxe5 16. fxe5 Ne8 17. Re1 Rb4 18. b3 Rxc4 19. Qxc4 Qxc4 20. bxc4 Nxe5
21. Ke2 Nxc4 22. Kd3 Ne5+ 23. Kc2 Nd6 24. Bf4 Nec4 25. a4 Rb8 26. Ra2 Kf8 27.
Ne4 Bd4 28. Nxd6 exd6 29. a5 Ra8 30. a6 Ne5 31. Rb1 Ke7 32. Bg5+ f6 {(ZUe)} 1-0

[Event "2.BLS 0203 Heidelberg HSH - Schmiden Ca"]
[Site "?"]
[Date "2002.10.20"]
[Round "1.1"]
[White "Schnepp, Gunnar"]
[Black "Ikonnikov, Viacheslav"]
[Result "0-1"]
[WhiteElo "2278"]
[BlackElo "2549"]
[PlyCount "68"]
[EventDate "2002.??.??"]

1. d4 Nf6 2. Nf3 e6 3. c4 Bb4+ 4. Bd2 Qe7 5. g3 Nc6 6. Nc3 O-O 7. Bg2 d6 8. O-O
a5 9. d5 Nd8 10. Ne1 e5 11. e4 Bg4 12. Qc2 Nd7 13. f3 Bc5+ 14. Kh1 Bh5 15. Nd3
Bd4 16. Ne2 Bb6 17. a3 c6 18. b4 cxd5 19. cxd5 axb4 20. axb4 Rxa1 21. Rxa1 f5
22. Nc3 fxe4 23. fxe4 Nf6 24. h3 Nf7 25. Na4 Bd4 26. Re1 Bg6 27. Bc3 Ng5 28.
Bxd4 exd4 29. Nf2 Nh5 30. Kh2 Nxg3 31. Kxg3 Qe5+ 32. Kh4 Rf4+ 33. Ng4 Rxg4+ 34.
hxg4 Qh2+ 0-1

[Event "2.BLS 0203 Heidelberg HSH - Schmiden Ca"]
[Site "?"]
[Date "2002.10.20"]
[Round "1.3"]
[White "Birk, Steffen"]
[Black "Schwalfenberg, Joerg"]
[Result "1/2-1/2"]
[WhiteElo "2272"]
[BlackElo "2360"]
[PlyCount "82"]
[EventDate "2002.??.??"]

1. e4 c6 2. d4 d5 3. e5 Bf5 4. c3 e6 5. Be3 Qb6 6. Qb3 Nd7 7. Nd2 Ne7 8. f4 h5
9. Ngf3 h4 10. Be2 Bg4 11. Qxb6 axb6 12. a3 b5 13. Bd3 Nb6 14. Bf2 Bf5 15. Bxf5
Nxf5 16. O-O-O Be7 17. g4 hxg3 18. hxg3 Kd7 19. g4 Rxh1 20. Rxh1 Nh6 21. g5 Nf5
22. Rh7 Rg8 23. Nh4 Nxh4 24. Bxh4 Ke8 25. Bf2 {(=)} Nd7 26. Nf3 Nf8 27. Rh1 Ng6
28. Be3 Rh8 29. Rxh8+ Nxh8 30. Nh4 f6 31. gxf6 gxf6 32. Nf3 Kf7 33. Kd2 Kg6 34.
Bf2 Kf5 35. Ke3 Ng6 36. Nh4+ Nxh4 37. Bxh4 Kg6 38. Kf3 Kf7 39. Kg4 f5+ 40. Kh5
Bxh4 41. Kxh4 Kg6 1/2-1/2

[Event "2.BLS 0203 Heidelberg HSH - Schmiden Ca"]
[Site "?"]
[Date "2002.10.20"]
[Round "1.4"]
[White "Roos, Jean-Luc"]
[Black "Krockenberger, Martin"]
[Result "1/2-1/2"]
[WhiteElo "2307"]
[BlackElo "2264"]
[PlyCount "154"]
[EventDate "2002.??.??"]

1. d4 Nf6 2. Nf3 g6 3. g3 Bg7 4. Bg2 O-O 5. O-O d5 6. c4 dxc4 7. Na3 Nc6 8.
Nxc4 Be6 9. b3 Bd5 10. Bb2 a5 11. Rc1 Qc8 12. Ncd2 Rd8 13. Qc2 Qf5 14. Qxf5
gxf5 15. e3 a4 16. bxa4 Rxa4 17. a3 e6 18. Nb1 Bf8 19. Nc3 Ra5 20. Nxd5 Nxd5
21. Nd2 Rb5 22. Rc2 Ra8 23. Ra1 Ra4 24. Bf1 Rba5 25. Nb3 Ra8 26. Bb5 R4a7 27.
Bxc6 bxc6 28. Nc5 Rb8 29. Bc1 Rb5 30. a4 Bxc5 31. dxc5 Rb4 32. a5 Rb5 33. Bd2
Ra6 34. Rc4 Kf8 35. Rd1 Ke7 36. f3 Rb3 37. Kf2 Rb2 38. Ke1 Ra8 39. e4 fxe4 40.
fxe4 Nf6 41. Bg5 e5 42. Bd2 Ra2 43. h3 Ke6 44. g4 Rb8 45. g5 Nd7 46. Rcc1 Ra4
47. Kf2 Rb2 48. Kf3 Rb3+ 49. Be3 Rxa5 50. Rb1 Nxc5 51. Rxb3 Nxb3 52. Rd8 Ra3
53. Kg4 Ra4 54. Re8+ Kd6 55. Kf5 Nd4+ 56. Kf6 Ra3 57. Rd8+ Kc5 58. Kxe5 Rxe3
59. Rxd4 Rxh3 60. Rd7 Rf3 61. Rxc7 Kb6 62. Rc8 c5 63. Rh8 Kb5 64. Rxh7 c4 65.
g6 fxg6 66. Rg7 c3 67. Rxg6 c2 68. Rg1 Kc4 69. Rc1 Kc3 70. Kd6 Rd3+ 71. Kc5 Re3
72. Kd5 Kd2 73. Rxc2+ Kxc2 74. e5 Kd3 75. e6 Re1 76. Kd6 Ke4 77. e7 Kf5 1/2-1/2

[Event "2.BLS 0203 Heidelberg HSH - Schmiden Ca"]
[Site "?"]
[Date "2002.10.20"]
[Round "1.5"]
[White "Thoma, Christian"]
[Black "Nippgen, Georg"]
[Result "0-1"]
[WhiteElo "2239"]
[BlackElo "2256"]
[PlyCount "76"]
[EventDate "2002.??.??"]

1. e4 c5 2. Nf3 d6 3. d4 cxd4 4. Nxd4 Nf6 5. Nc3 Nc6 6. Bg5 Bd7 7. Be2 Qa5 8.
Bxf6 gxf6 9. O-O Rg8 10. Kh1 Rc8 11. f4 Nxd4 12. Qxd4 Qc5 13. Qd3 f5 14. Rae1
Bg7 15. Nd5 Qxc2 16. Qg3 fxe4 17. Qg5 f6 18. Qh5+ Kf8 19. Bd1 Qd3 20. Bb3 e6
21. Ne3 f5 22. Nxf5 Rc5 23. Qh4 Rxf5 24. Qd8+ Be8 25. Bxe6 Bf6 26. Qb8 Rh5 27.
Bxg8 Qg3 28. h3 Rxh3+ 29. gxh3 Qxh3+ 30. Kg1 Qg3+ 31. Kh1 Qh3+ 32. Kg1 Bd4+ 33.
Rf2 Qg3+ 34. Kh1 Qh4+ 35. Rh2 Qxe1+ 36. Kg2 Qf2+ 37. Kh3 Qf3+ 38. Kh4 Bf6# 0-1

[Event "2.BLS 0203 Heidelberg HSH - Schmiden Ca"]
[Site "?"]
[Date "2002.10.20"]
[Round "1.6"]
[White "Syska, Albert"]
[Black "Loehr, Markus"]
[Result "1-0"]
[WhiteElo "2250"]
[BlackElo "2199"]
[PlyCount "88"]
[EventDate "2002.??.??"]

1. e4 d5 2. exd5 Qxd5 3. Nc3 Qa5 4. d4 c6 5. Nf3 Nf6 6. Be2 Bf5 7. O-O e6 8.
Ne5 Nbd7 9. f4 h5 10. a3 Rd8 11. Nc4 Qc7 12. Ne3 g6 13. Nxf5 gxf5 14. Bf3 Nb6
15. Ne2 Bg7 16. c3 Nbd5 17. Ng3 Ng4 18. Qe1 Kf8 19. h3 Ngf6 20. Ne2 h4 21. c4
Ne7 22. Be3 Ne4 23. Rd1 Qb6 24. b4 Qa6 25. d5 cxd5 26. cxd5 Nxd5 27. Bxe4 fxe4
28. f5 Ke8 29. Bc5 exf5 30. Rxf5 Qe6 31. Qf2 b6 32. Bd4 Nc3 33. Nxc3 e3 34. Qf4
e2 35. Nxe2 Qxe2 36. Bxg7 Rxd1+ 37. Kh2 Rh5 38. Rxf7 Qe6 39. Rf6 Qd5 40. Qb8+
Ke7 41. Qxa7+ Qd7 42. Qxb6 Rd6 43. Qf2 Qb5 44. Bf8+ Ke8 1-0

[Event "2.BLS 0203 Heidelberg HSH - Schmiden Ca"]
[Site "?"]
[Date "2002.10.20"]
[Round "1.7"]
[White "Bauer, Manfred"]
[Black "Pielmeier, Thomas"]
[Result "1-0"]
[WhiteElo "2246"]
[BlackElo "2218"]
[PlyCount "111"]
[EventDate "2002.??.??"]

1. e4 e5 2. d4 exd4 3. f4 Nc6 4. Nf3 d5 5. e5 Bb4+ 6. Bd2 Bc5 7. Bd3 Nh6 8. O-O
Bf5 9. Qe2 O-O 10. h3 Re8 11. g4 Be4 12. b4 Bb6 13. Kh2 f5 14. gxf5 Bxf5 15. b5
Ne7 16. Rg1 Ng6 17. Rg5 Rf8 18. Rg3 Qd7 19. Ng5 Bxd3 20. Qxd3 Nf5 21. Rg4 c5
22. c4 dxc4 23. Qxc4+ Kh8 24. Na3 Nh6 25. Rag1 Nxg4+ 26. Rxg4 Rf5 27. Qd3 Raf8
28. Qg3 Bc7 29. Nc4 Nxe5 30. fxe5 Rf2+ 31. Kg1 Rf1+ 32. Kg2 R8f2+ 33. Qxf2
Rxf2+ 34. Kxf2 h6 35. Nf3 Qf7 36. Nd6 Qxa2 37. Rf4 Bxd6 38. exd6 Qd5 39. Rf8+
Kh7 40. Bf4 c4 41. Rc8 d3 42. Rc7 d2 43. Nxd2 Qd4+ 44. Kg3 Qg1+ 45. Kf3 c3 46.
Rxc3 g5 47. Rc7+ Kg6 48. d7 Qd4 49. Be3 Qd5+ 50. Kf2 h5 51. Rxb7 g4 52. hxg4 h4
53. Rxa7 h3 54. Nf3 Qd1 55. Ne5+ Kf6 56. d8=Q+ 1-0

[Event "2.BLS 0203 Heidelberg HSH - Karlsruher "]
[Site "?"]
[Date "2002.11.17"]
[Round "2.1"]
[White "Arnold, Lothar"]
[Black "Ikonnikov, Viacheslav"]
[Result "1/2-1/2"]
[WhiteElo "2360"]
[BlackElo "2549"]
[PlyCount "103"]
[EventDate "2002.??.??"]

1. e4 c5 2. Nf3 Nc6 3. d4 cxd4 4. Nxd4 e5 5. Nb5 d6 6. c4 Be7 7. N1c3 a6 8. Na3
f5 9. exf5 Bxf5 10. Bd3 Be6 11. Nc2 Nf6 12. Ne3 O-O 13. Bf5 Bf7 14. O-O Nd4 15.
Bd3 Rc8 16. Ne2 b5 17. cxb5 Nxb5 18. Nf5 d5 19. Nxe7+ Qxe7 20. Bd2 Bh5 21. Qe1
Rfe8 22. Ng3 Bg6 23. Bxg6 hxg6 24. Rc1 e4 25. Rxc8 Rxc8 26. f3 Rc2 27. a4 Nd4
28. Bc3 Qc5 29. Kh1 Qc4 30. Qd1 Ne2 31. Qxc2 Nxg3+ 32. hxg3 Qxf1+ 33. Kh2 Qc4
34. Qd2 Kh7 35. Bxf6 gxf6 36. fxe4 dxe4 37. Qd7+ Kh6 38. Qe7 Qxa4 39. Qxf6 Qe8
40. Qxa6 e3 41. Qe2 Qe5 42. b4 Qd4 43. b5 Kg7 44. Qf3 Qc5 45. Qb7+ Kh6 46. Qf3
Kg7 47. Qb7+ Kf8 48. b6 Qh5+ 49. Kg1 Qd1+ 50. Kh2 Qh5+ 51. Kg1 Qd1+ 52. Kh2
1/2-1/2

[Event "2.BLS 0203 Heidelberg HSH - Karlsruher "]
[Site "?"]
[Date "2002.11.17"]
[Round "2.3"]
[White "Duschek, Volker"]
[Black "Schwalfenberg, Joerg"]
[Result "1/2-1/2"]
[WhiteElo "2321"]
[BlackElo "2360"]
[PlyCount "76"]
[EventDate "2002.??.??"]

1. e4 c6 2. d4 d5 3. exd5 cxd5 4. c4 Nf6 5. Nc3 e6 6. Nf3 Be7 7. cxd5 exd5 8.
Bd3 Nc6 9. h3 O-O 10. O-O Be6 11. Be3 Nd7 12. Rc1 Re8 13. Ne2 Bf6 14. Nf4 g6
15. Nxe6 Rxe6 16. Qb3 Nb6 17. Rc5 Qe7 18. Rc3 Rd8 19. Bb5 Nc4 20. Bxc4 Na5 21.
Qd1 Nxc4 22. Bc1 Re4 23. b3 Na5 24. Be3 Nc6 25. Qd3 Qb4 26. Rd1 Rde8 27. g3 a6
28. Kg2 h5 29. h4 Qd6 30. Qd2 Qd7 31. Bg5 Bg7 32. Be3 Qf5 33. Ng5 Nxd4 34. Rd3
Nc6 35. Rxd5 R4e5 36. Bf4 Rxd5 37. Qxd5 Qxd5+ 38. Rxd5 Rd8 1/2-1/2

[Event "2.BLS 0203 Heidelberg HSH - Karlsruher "]
[Site "?"]
[Date "2002.11.17"]
[Round "2.4"]
[White "Nippgen, Georg"]
[Black "Karst, Elmar"]
[Result "0-1"]
[WhiteElo "2256"]
[BlackElo "2280"]
[PlyCount "82"]
[EventDate "2002.??.??"]

1. Nf3 Nf6 2. g3 g6 3. b3 Bg7 4. Bb2 O-O 5. c4 c5 6. Bg2 Nc6 7. O-O b6 8. d4
cxd4 9. Nxd4 Bb7 10. Nc2 Na5 11. Ne3 Rc8 12. Qd3 Qc7 13. Nc3 Bxg2 14. Kxg2 d6
15. Rad1 Qb7+ 16. f3 a6 17. Rd2 Nc6 18. Kf2 Ne5 19. Qb1 b5 20. Ncd5 bxc4 21.
Nxf6+ Bxf6 22. Bxe5 Bxe5 23. Nxc4 Bg7 24. Qd3 Rc5 25. Rc1 d5 26. Qe3 Rfc8 27.
Rcd1 h6 28. Nb2 Rc3 29. Nd3 e5 30. b4 e4 31. fxe4 dxe4 32. Nc5 R8xc5 33. Rd8+
Kh7 34. bxc5 Rxe3 35. Kxe3 Qb4 36. R1d5 h5 37. R8d7 Kh6 38. Kf2 e3+ 39. Kg2
Qe4+ 40. Kh3 Qg4+ 41. Kg2 Qxe2+ 0-1

[Event "2.BLS 0203 Heidelberg HSH - Karlsruher "]
[Site "?"]
[Date "2002.11.17"]
[Round "2.5"]
[White "Kargoll, Boris"]
[Black "Neunhoeffer, Helmut Dr"]
[Result "1-0"]
[WhiteElo "2263"]
[BlackElo "2337"]
[PlyCount "75"]
[EventDate "2002.??.??"]

1. d4 Nf6 2. Nf3 e6 3. c4 d5 4. Nc3 Be7 5. Bf4 b6 6. e3 Bb7 7. Bd3 O-O 8. O-O
c5 9. Ne5 cxd4 10. exd4 Nc6 11. cxd5 Nxd5 12. Nxc6 Bxc6 13. Be5 Bf6 14. Qe2
Nxc3 15. bxc3 Qd5 16. f4 Bxe5 17. fxe5 Rac8 18. Rf3 Bb7 19. Raf1 g6 20. Qf2 f5
21. exf6 Rf7 22. Qh4 Rxc3 23. Qg4 Rxd3 24. Rxd3 Ba6 25. Rdf3 Bxf1 26. Rxf1 Rd7
27. Kh1 Kf7 28. Qh4 h5 29. Qf4 Qf5 30. Qc1 Qd3 31. Rd1 Qf5 32. Rf1 Qb5 33. Kg1
g5 34. Qc2 Kf8 35. Qc8+ Kf7 36. Qh8 Kg6 37. Qg8+ Kh6 38. f7 1-0

[Event "2.BLS 0203 Heidelberg HSH - Karlsruher "]
[Site "?"]
[Date "2002.11.17"]
[Round "2.6"]
[White "Syska, Albert"]
[Black "Bach, Edwin"]
[Result "1-0"]
[WhiteElo "2250"]
[BlackElo "2302"]
[PlyCount "59"]
[EventDate "2002.??.??"]

1. e4 c5 2. Nf3 e6 3. d4 cxd4 4. Nxd4 a6 5. Nc3 Qc7 6. Bd3 Nf6 7. Qe2 d6 8. O-O
g6 9. f4 Bg7 10. Kh1 O-O 11. f5 Nc6 12. Nxc6 bxc6 13. Bf4 Nd7 14. Bg5 f6 15.
Bf4 Ne5 16. fxg6 hxg6 17. Rad1 Nxd3 18. cxd3 e5 19. Be3 a5 20. Qd2 Be6 21. d4
Bg4 22. Rc1 Rad8 23. Nd5 Qb7 24. Rxc6 Be6 25. Rc7 Qb5 26. Ne7+ Kh7 27. Qf2 Bg4
28. h3 Bh5 29. g4 Rd7 30. gxh5 1-0

[Event "2.BLS 0203 Heidelberg HSH - Karlsruher "]
[Site "?"]
[Date "2002.11.17"]
[Round "2.7"]
[White "Pfrommer, Christoph"]
[Black "Pielmeier, Thomas"]
[Result "0-1"]
[WhiteElo "2293"]
[BlackElo "2218"]
[PlyCount "80"]
[EventDate "2002.??.??"]

1. Nf3 Nf6 2. g3 g6 3. Bg2 Bg7 4. c4 O-O 5. Nc3 c6 6. d4 d5 7. cxd5 cxd5 8. Ne5
e6 9. O-O Nfd7 10. f4 Nc6 11. e3 Ncxe5 12. dxe5 f6 13. exf6 Nxf6 14. Qb3 Rb8
15. Bd2 b5 16. Ne2 Qb6 17. Bb4 Rf7 18. Rac1 Nd7 19. Qd3 a5 20. Bc3 Nc5 21. Qd2
Bxc3 22. Qxc3 Na4 23. Qd4 Qxd4 24. Nxd4 Nxb2 25. e4 dxe4 26. Bxe4 Bb7 27. Bxb7
Rfxb7 28. Nxe6 Re8 29. f5 Nc4 30. Rce1 Nd6 31. f6 h6 32. Nc5 Rf7 33. Rxe8+ Nxe8
34. Ne4 Rd7 35. Rc1 Kf7 36. Rc6 Rd4 37. Nc3 b4 38. Nb5 Rd1+ 39. Kf2 Rd2+ 40.
Ke3 Rxa2 0-1

[Event "2.BLS 0203 SK Viernheim - SC Eppingen"]
[Site "?"]
[Date "2002.11.17"]
[Round "2.1"]
[White "Gyimesi, Zoltan"]
[Black "Beikert, Guenther Dr"]
[Result "1/2-1/2"]
[WhiteElo "2596"]
[BlackElo "2444"]
[PlyCount "48"]
[EventDate "2002.??.??"]

1. d4 d5 2. c4 dxc4 3. Nf3 c5 4. e4 cxd4 5. Qxd4 Qxd4 6. Nxd4 Bd7 7. Bxc4 Nc6
8. Be3 Nxd4 9. Bxd4 e6 10. Nc3 Ne7 11. Nb5 Nc6 12. Nc7+ Kd8 13. Nxa8 Nxd4 14.
O-O-O Nc6 15. a3 Bc5 16. b4 Bxf2 17. Rhf1 Be3+ 18. Kb1 Ke7 19. Nc7 Ne5 20. Bb5
Bc8 21. Rfe1 Bg5 22. Be2 Bd7 23. Nb5 a6 24. Nc3 Rc8 {(=)} 1/2-1/2

[Event "2.BLS 0203 SK Viernheim - SC Eppingen"]
[Site "?"]
[Date "2002.11.17"]
[Round "2.2"]
[White "Vidonyak, Roman"]
[Black "Acs, Peter"]
[Result "1/2-1/2"]
[WhiteElo "2452"]
[BlackElo "2591"]
[PlyCount "52"]
[EventDate "2002.??.??"]

1. Nf3 d5 2. g3 Nf6 3. Bg2 c6 4. O-O Bg4 5. d3 e6 6. Nbd2 Be7 7. c4 Nbd7 8. h3
Bh5 9. b3 O-O 10. Bb2 a5 11. a3 Bd6 12. Nd4 Qb6 13. Rb1 Be5 14. N2f3 Bxf3 15.
Nxf3 Bxb2 16. Rxb2 dxc4 17. dxc4 Qc5 18. Qa1 Rfd8 19. Nd2 Qd6 20. Rc2 h5 21.
Qc1 b6 22. Nf3 Nc5 23. Qe3 Nce4 24. g4 hxg4 25. hxg4 Qc5 26. Qxc5 bxc5 1/2-1/2

[Event "2.BLS 0203 SK Viernheim - SC Eppingen"]
[Site "?"]
[Date "2002.11.17"]
[Round "2.3"]
[White "Mann, Christian"]
[Black "Mandel, Andreas"]
[Result "0-1"]
[WhiteElo "2445"]
[BlackElo "2367"]
[PlyCount "68"]
[EventDate "2002.??.??"]

1. e4 c5 2. c3 d5 3. exd5 Qxd5 4. d4 Nf6 5. Nf3 Bg4 6. dxc5 Qxd1+ 7. Kxd1 e5 8.
b4 e4 9. h3 Bh5 10. g4 Nxg4 11. hxg4 Bxg4 12. Nbd2 Nc6 13. Rh4 Bxf3+ 14. Nxf3
exf3 15. Kc2 f6 16. Bd3 Ne5 17. Rxh7 Rxh7 18. Bxh7 O-O-O 19. Be3 Kc7 20. Be4
Be7 21. Rg1 Bf8 22. a4 Re8 23. Bd5 g5 24. Rh1 Re7 25. Bd4 g4 26. Rh8 Bg7 27.
Ra8 Nc6 28. Be3 Rxe3 29. fxe3 Ne7 30. Be6 g3 31. Re8 Bf8 32. Rxf8 g2 33. Rf7
g1=Q 34. Rxe7+ Kd8 0-1

[Event "2.BLS 0203 SK Viernheim - SC Eppingen"]
[Site "?"]
[Date "2002.11.17"]
[Round "2.4"]
[White "Wegerle, Joerg"]
[Black "Balzar, Andreas Dr"]
[Result "1/2-1/2"]
[WhiteElo "2365"]
[BlackElo "2381"]
[PlyCount "95"]
[EventDate "2002.??.??"]

1. d4 d5 2. Nf3 Nf6 3. c4 c6 4. cxd5 cxd5 5. Nc3 Nc6 6. Bf4 a6 7. Rc1 e6 8. e3
Be7 9. Bd3 Bd7 10. O-O Rc8 11. Nd2 O-O 12. Qe2 Na5 13. Rc2 b5 14. Rfc1 Nc4 15.
Ncb1 Qb6 16. b3 Na3 17. Rc7 Nxb1 18. Nxb1 Rxc7 19. Bxc7 Qb7 20. Ba5 Rc8 21. Qe1
Rxc1 22. Qxc1 Qc6 23. Qxc6 Bxc6 24. Nc3 Nd7 25. a4 bxa4 26. bxa4 Bb7 27. Kf1 g6
28. Bc7 Kf8 29. Ke2 Ke8 30. Kd2 Nf6 31. f3 Kd7 32. Bg3 Ne8 33. Kc2 Nd6 34. Kb3
Kc6 35. Be1 Nf5 36. Nd1 Bd6 37. g4 Ne7 38. Bb4 Kd7 39. f4 f6 40. Bxd6 Kxd6 41.
Nc3 Nc6 42. Na2 e5 43. Nb4 exd4 44. Nxc6 Bxc6 45. exd4 a5 46. Bb5 g5 47. Bxc6
Kxc6 48. f5 1/2-1/2

[Event "2.BLS 0203 SK Viernheim - SC Eppingen"]
[Site "?"]
[Date "2002.11.17"]
[Round "2.5"]
[White "Miltner, Arndt"]
[Black "Kratochwil, Christian"]
[Result "1-0"]
[WhiteElo "2384"]
[BlackElo "2319"]
[PlyCount "57"]
[EventDate "2002.??.??"]

1. Nf3 c5 2. d3 Nc6 3. e4 d5 4. exd5 Qxd5 5. Nc3 Qd7 6. g3 Nf6 7. Bg2 e6 8. O-O
Be7 9. Bf4 O-O 10. Ne5 Nxe5 11. Bxe5 Nd5 12. Qg4 Bf6 13. Bxf6 Nxf6 14. Qc4 Qd4
15. Na4 Nd7 16. Rfe1 Rb8 17. Nc3 Qd6 18. a4 Nb6 19. Qb3 a6 20. a5 Nd7 21. Rad1
Qc7 22. Qa3 Ne5 23. Na4 c4 24. d4 Nc6 25. Nb6 Rd8 26. Qc5 Qd6 27. Qxd6 Rxd6 28.
Nxc4 Rxd4 29. Bxc6 1-0

[Event "2.BLS 0203 SK Viernheim - SC Eppingen"]
[Site "?"]
[Date "2002.11.17"]
[Round "2.6"]
[White "Crut, Aurelien"]
[Black "Schulze, Ulrich"]
[Result "1/2-1/2"]
[WhiteElo "2333"]
[BlackElo "2353"]
[PlyCount "94"]
[EventDate "2002.??.??"]

1. e4 Nf6 2. e5 Nd5 3. d4 d6 4. Nf3 dxe5 5. Nxe5 c6 6. c4 Nb4 7. Be3 Bf5 8. Na3
e6 9. Be2 Nd7 10. Nf3 Be7 11. O-O O-O 12. Qb3 b6 13. Bf4 a5 14. Rfd1 h6 15. Ne5
Ra7 16. Qg3 Bg5 17. Bxg5 Qxg5 18. Qxg5 hxg5 19. Nf3 g4 20. Nh4 Nf6 21. Nxf5
exf5 22. d5 cxd5 23. cxd5 Nbxd5 24. Bc4 Rd7 25. Rd4 Nc7 26. Rxd7 Nxd7 27. Re1
Re8 28. Rxe8+ Nxe8 29. Bb5 Nef6 30. Nc4 g6 31. Kf1 Kf8 32. Ke2 Ke7 33. Kd3 Nc5+
34. Kd4 Ne6+ 35. Ke5 g3 36. fxg3 Ng4+ 37. Kd5 Nxh2 38. Nxb6 f4 39. gxf4 Nxf4+
40. Ke4 Nxg2 41. Be2 f5+ 42. Ke5 Ne3 43. Kf4 Nhg4 44. a3 Kf6 45. Nd7+ Ke6 46.
Nf8+ Kf7 47. Nd7 Ke6 1/2-1/2

[Event "2.BLS 0203 SK Viernheim - SC Eppingen"]
[Site "?"]
[Date "2002.11.17"]
[Round "2.7"]
[White "Koch, Wolfgang Max Dr"]
[Black "Spiegel, Stefan Dr"]
[Result "1/2-1/2"]
[WhiteElo "2308"]
[BlackElo "2288"]
[PlyCount "148"]
[EventDate "2002.??.??"]

1. d4 Nf6 2. Nf3 e6 3. c4 Bb4+ 4. Bd2 Qe7 5. g3 Nc6 6. Nc3 Bxc3 7. Bxc3 Ne4 8.
Rc1 d6 9. Bg2 Nxc3 10. Rxc3 O-O 11. d5 Nd8 12. O-O e5 13. Qc2 f5 14. c5 Nf7 15.
cxd6 cxd6 16. Rc7 Qf6 17. Qc3 f4 18. Nd2 Ng5 19. Ne4 Nxe4 20. Bxe4 Bg4 21. Qd3
fxg3 22. hxg3 Bh3 23. Bg2 Bxg2 24. Kxg2 Rf7 25. Rxf7 Qxf7 26. Rc1 Qd7 27. Qc4
Rd8 {(=)} 28. Qc7 b6 29. Rc6 Kf7 30. Qxd7+ Rxd7 31. Kf3 Ke7 32. Ke4 Rd8 33. f4
exf4 34. gxf4 Kd7 35. b4 g5 36. fxg5 Re8+ 37. Kf3 Re5 38. e4 Rxg5 39. Rc3 Rg7
40. Ra3 Ke8 41. e5 Rg5 42. exd6 Rxd5 43. Rxa7 Rxd6 44. Rxh7 Rd4 45. a3 Kd8 46.
Ke3 Rd6 47. Ke4 Kc8 48. Rh3 Kb7 49. Rd3 Rh6 50. Kd5 Rh5+ 51. Kc4 Ka6 52. Re3
Rh4+ 53. Kd5 Rh5+ 54. Kd6 Rh6+ 55. Re6 Rh4 56. Kc7 Rh7+ 57. Kc6 Rh4 58. Kd5 Kb5
59. Re3 Rg4 60. Rd3 Rh4 61. Rf3 Rg4 62. Ke5 Rh4 63. Re3 Rg4 64. Kf5 Rh4 65. Rd3
Rc4 66. Ke5 Rh4 67. Kd6 Rh6+ 68. Kc7 Ka4 69. Rc3 b5 70. Rc6 Rh7+ 71. Kb6 Kxa3
72. Kxb5 Rb7+ 73. Rb6 Rxb6+ 74. Kxb6 Kxb4 1/2-1/2

[Event "2.BLS 0203 SK Viernheim - SC Eppingen"]
[Site "?"]
[Date "2002.11.17"]
[Round "2.8"]
[White "Schmidt, Stefan"]
[Black "Rau, Hannes"]
[Result "0-1"]
[WhiteElo "2232"]
[BlackElo "2325"]
[PlyCount "118"]
[EventDate "2002.??.??"]

1. e4 c5 2. b3 Nc6 3. Bb2 d6 4. Bb5 Bd7 5. Nf3 Nf6 6. Qe2 a6 7. Bxc6 Bxc6 8. e5
dxe5 9. O-O Nd7 10. Nxe5 Nxe5 11. Qxe5 e6 12. Re1 h5 13. d3 Rh6 14. Nd2 Rg6 15.
f3 Bd6 16. Qe3 Qc7 17. Be5 b5 18. a4 Rd8 19. axb5 axb5 20. Ra6 h4 21. Bxd6 Rxd6
22. h3 Bxf3 23. Rxd6 Rxg2+ 24. Kf1 Qxd6 25. Nxf3 Rxc2 26. Ne5 Qd5 27. Qe4 Qxe4
28. Rxe4 Rb2 29. Rxh4 Rxb3 30. Ke2 f6 31. Nf3 Ke7 32. Rg4 g5 33. Rg1 Kd6 34.
Nd2 Rb2 35. Ke3 Rc2 36. Ne4+ Ke5 37. Rf1 Rh2 38. Rf3 c4 39. d4+ Kd5 40. Nxf6+
Kc6 41. Ng4 Rh1 42. Nf6 b4 43. Kd2 c3+ 44. Kc2 Rh2+ 45. Kc1 Kb5 46. Ng4 Rh1+
47. Kc2 Kc4 48. Ne5+ Kxd4 49. Nd3 Kc4 50. Ne5+ Kb5 51. Nd3 Ka4 52. Nc1 Rh2+ 53.
Kb1 e5 54. Re3 e4 55. Rg3 Rb2+ 56. Ka1 Rc2 57. Kb1 b3 58. Rxg5 Rb2+ 59. Ka1 Rh2
0-1

[Event "2.BLS 0203 SK Krumbach - SCA St Ingbert"]
[Site "?"]
[Date "2002.11.17"]
[Round "2.1"]
[White "Marcelin, Cyril"]
[Black "Lechtinsky, Jiri"]
[Result "1/2-1/2"]
[WhiteElo "2470"]
[BlackElo "2399"]
[PlyCount "73"]
[EventDate "2002.??.??"]

1. d4 Nf6 2. c4 e6 3. Nc3 Bb4 4. Qc2 c5 5. dxc5 O-O 6. a3 Bxc5 7. Nf3 Nc6 8.
Bg5 Nd4 9. Nxd4 Bxd4 10. e3 Qa5 11. exd4 Qxg5 12. Qd2 Qxd2+ 13. Kxd2 b6 14. b4
Ba6 15. a4 Rfc8 16. b5 Bb7 17. a5 Rab8 18. axb6 axb6 19. Na4 Ba8 20. f3 d6 21.
Bd3 Nd7 22. Rhc1 g6 23. Nc3 f5 24. Ra7 Bb7 25. Na4 Kf7 26. Nxb6 Nxb6 27. c5 Nd5
28. c6 Rc7 29. cxb7 Rcxb7 30. Rxb7+ Rxb7 31. Bc4 Nb6 32. Bb3 Nd7 33. Bc4 Nb6
34. Bb3 Nd7 35. Bc4 Nb6 36. Bb3 Nd7 37. Bc4 1/2-1/2

[Event "2.BLS 0203 SK Krumbach - SCA St Ingbert"]
[Site "?"]
[Date "2002.11.17"]
[Round "2.2"]
[White "Egger, Thomas"]
[Black "Pirrot, Dieter"]
[Result "1/2-1/2"]
[WhiteElo "2307"]
[BlackElo "2421"]
[PlyCount "35"]
[EventDate "2002.??.??"]

1. Nf3 d5 2. g3 Nc6 3. d4 Bg4 4. Bg2 e6 5. O-O Bd6 6. c4 Nf6 7. Nc3 O-O 8. cxd5
Nxd5 9. Nxd5 exd5 10. Qb3 Re8 11. e3 Qf6 12. Qxd5 Nb4 13. Qg5 Qxg5 14. Nxg5 Be2
15. Re1 Bh5 16. Rf1 Be2 17. Re1 Bh5 18. Rf1 1/2-1/2

[Event "2.BLS 0203 SK Krumbach - SCA St Ingbert"]
[Site "?"]
[Date "2002.11.17"]
[Round "2.3"]
[White "Becking, Stephan"]
[Black "Kempter, Ronald"]
[Result "1-0"]
[WhiteElo "2315"]
[BlackElo "2290"]
[PlyCount "111"]
[EventDate "2002.??.??"]

1. e4 e5 2. Nf3 Nc6 3. Bb5 a6 4. Ba4 Nf6 5. O-O Be7 6. Re1 b5 7. Bb3 O-O 8. h3
d6 9. c3 Na5 10. Bc2 c5 11. d4 Nc6 12. a4 Bb7 13. d5 Nb8 14. Nbd2 Re8 15. c4 b4
16. a5 Bf8 17. Nf1 h6 18. N3h2 g6 19. f4 exf4 20. Bxf4 Nbd7 21. Nf3 Ne5 22.
Nxe5 dxe5 23. Be3 Qd6 24. Qd2 h5 25. Nh2 Rac8 26. Rf1 Rc7 27. Nf3 Bc8 28. Qf2
Bg7 29. Ne1 Rf8 30. Qh4 Nh7 31. Rd1 Bd7 32. b3 Bc8 33. Rd2 Bd7 34. g4 Bf6 35.
Qg3 h4 36. Qf2 Bg5 37. Bxg5 Nxg5 38. Qxh4 Nh7 39. Rdf2 Bc8 40. g5 Qd8 41. Rg2
Re7 42. Nf3 Qxa5 43. Nh2 Qd8 44. Qh6 Rb7 45. Kh1 a5 46. Bd1 Rb6 47. Bg4 f5 48.
Bxf5 Bxf5 49. exf5 Rxf5 50. Rxf5 gxf5 51. g6 Nf8 52. Nf3 Qf6 53. Nh4 f4 54. Qh5
e4 55. g7 f3 56. Qh8+ 1-0